| 000 | 01764cam a2200385 4500 | ||
|---|---|---|---|
| 003 | PE-LiUPU | ||
| 005 | 20250731183441.0 | ||
| 020 | _a8474778905 | ||
| 035 | _a(Sirsi) i9788474778908 | ||
| 035 | _a(Sirsi) 50805 | ||
| 035 | _a(Sirsi) 50805 | ||
| 041 | _aes | ||
| 044 | _aes | ||
| 082 | 0 | 4 |
_a720 _bP84 |
| 100 | 1 | _aPrados Martínez, Fernando | |
| 245 |
_aIntroducción al estudio de la arquitectura púnic : _baspectos formativos técnicas constructivas / _cFernando Prados Martínez. |
||
| 264 | 1 |
_aMadrid : _bUniversidad Autónoma de Madrid, _c2003 |
|
| 300 |
_a238 páginas : _bilustraciones ; _c24 cm. |
||
| 490 | 0 |
_aEstudios (Universidad Autónoma de Madrid) _v88 |
|
| 505 | 0 | _aEl marco cultural: formación de la cultura arquitectónica del mundo Fenicio-Púnico -- Análisis de los precedentes: la arquitectura Fenicia en el Mediterráneo Occidental -- Aproximación historiográfica: los estudios sobre arquitectura Pú | |
| 526 | _aP158 | ||
| 526 | _aP146 | ||
| 526 | _aP17 | ||
| 526 | _aP12 | ||
| 526 | _aP06 | ||
| 650 | 1 | 4 | _aArquitectura púnica |
| 859 |
_q67573 _h720 _iP84 |
||
| 910 |
_agl _b _clch _d20130818 |
||
| 942 |
_2ddc _cBOOK |
||
| 949 |
_a720 P84 _i67573 _lCCODEBUL1 _mBUL _tLIBRO _o.STAFF. Colección General |
||
| 596 | _a1 | ||
| 999 |
_a720 P84 _wDEWEY _c55201 _i67573 _d55201 _e2022-6-6 _f2021-11-9 _g7 _lCCODEBUL1 _mBUL _n1 _p58.00 _q1 _r0 _sY _tBOOK _u2015-7-6 _xINGENIERIA _PP06 _0COMPRA _o.STAFF. Colección Ingenieria y Arquitectura |
||
| 999 |
_a720 P84 _wDEWEY _c2 _i69776 _f2021-11-9 _g7 _lCCODEBUL1 _mBUL _p19.00 _r0 _sY _tBOOK _u2015-7-6 _xINGENIERIA _PP06 _0COMPRA _o.STAFF. Colección Ingenieria y Arquitectura |
||
| 980 |
_81 _gALBERTO SANCHEZ Responsable de Automatización |
||